01008nam a22002777a 45000010005000000030006000050050017000110080041000280200018000690400029000870500019001160820011001351000016001462450034001622600044001963000049002404900023002895050008003125200126003205210020004465210020004666500046004866500065005326500056005976500077006537757FISKH20250805085954.0250805b cb ||||| |||| 00| 0 eng d a9780516279237 aFISKHbengcFISKHdFISKH aHD6509.C48 E33 a331.88 aEddy, Susan aCesar Chavez /cBy Susan Eddy aNew York : bChildren's Press , c2003. a31 pages : bcolor illustrations ;c18 cm .  aRookie Biographies aN  aA brief biography of Cesar Chavez, the Mexican American union leader who fought to get migrant farm workers better wages.8 a560 bLexile 8 aN bRaz-Plus  aChavez, Cesar, 1927vJuvenile Literature  aLabor leader- United States- BiographyvJuvenile Literature  aMexicans- Americans-BiographyvJuvenile Literature  aMexicans- Americans agricultural kabirers- HistoryvJuvenile Literature